| 000 | 00882nam a2200229 a 4500 | ||
|---|---|---|---|
| 001 | 000024050 | ||
| 005 | 20200930022656.0 | ||
| 008 | 110118s1988 sp r 000 0 spa d | ||
| 020 | _a8423924394 | ||
| 040 |
_aDO-SdBNP _bspa _cBNPHU |
||
| 082 |
_axxxx _bS571a |
||
| 100 | 1 |
_aSiegel, Bernie S. _949420 |
|
| 245 | 1 | 0 |
_aAmor, medicina milagrosa : _benseñanzas sobre autocuración debidas a la experiencia de un cirujano con pacientes excepcionales / _cBernie S. Siegel ; traducción Jaime Dóriga. |
| 250 | _a4a ed. | ||
| 260 |
_aEspaña : _bEspasa Calpe, _c1988. |
||
| 300 |
_a286 p. ; _c23.5 cm. |
||
| 500 | _aIncluye datos biográficos del autor en la solapa de la cubierta. | ||
| 504 | _aBibliografía : p. 282-286 | ||
| 500 | _aIncluye referencias bibliográficas y notas al pie de las páginas. | ||
| 590 | _aInventariado, 2019/BT | ||
| 700 | 1 |
_aDóriga, Jaime, _etr. _949421 |
|
| 999 |
_c23545 _d23545 |
||